To ještě nevíš : zpověď o životě s vážnou nemocí /

Syrová autofikční próza o životě s obávanou diagnózou a snaze neztratit ani v nejtěžších chvílích sám sebe.

Uloženo v:
Hlavní autor: Fefferová, Štěpánka (Autor)
Médium: Kniha
Jazyk:Czech
Vydáno: V Brně : Nastole, 2026
Vydání:1. vydání
Edice:Odrazit se
Témata:
Celkem bylo vypůjčeno:0x
Tagy:
Žádné tagy
LEADER 02369nam a2200529 i 4500
001 106509
003 CZ PrNK
005 20260604175513.0
007 ta
008 260518s2026 xr g 000 jacze
015 |a cnb003758527 
020 |a 9788074486951  |q (brožováno) :  |c Kč 399,00 
040 |a ABG001  |b cze  |d BOA001  |d ABA001  |e rda 
072 7 |a 821.162.3-3  |x Česká próza  |2 Konspekt  |9 25 
072 7 |a 929  |x Biografie  |2 Konspekt  |9 8 
080 |a 821.162.3-32  |2 MRF 
080 |a 070.421-055.2  |2 MRF 
080 |a 616-006.04-052-055.2  |2 MRF 
080 |a 929  |2 MRF 
080 |a (437.3)  |2 MRF 
080 |a (0:82-322.6)  |2 MRF 
100 1 |a Fefferová, Štěpánka  |7 xx0345370  |4 aut  |9 117435 
245 1 0 |a To ještě nevíš :  |b zpověď o životě s vážnou nemocí /  |c Štěpánka Fefferová 
250 |a 1. vydání 
264 1 |a V Brně :  |b Nastole,  |c 2026 
300 |a 188 stran ;  |c 21 cm 
336 |a text  |b txt  |2 rdacontent 
337 |a bez média  |b n  |2 rdamedia 
338 |a svazek  |b nc  |2 rdacarrier 
490 1 |a Odrazit se 
520 2 |a Syrová autofikční próza o životě s obávanou diagnózou a snaze neztratit ani v nejtěžších chvílích sám sebe.  |b Co se stane, když vám do života nečekaně vstoupí rakovina a všechny jistoty se rozpadnou? Jak vážná nemoc poznamená vztahy, rodinu i vztah k sobě samé? Jak žít, když ztrácíte kontrolu nad vlastním tělem i budoucností? Nakladatelská anotace. Kráceno. 
600 1 7 |a Fefferová, Štěpánka  |7 xx0345370  |2 czenas  |9 117435 
648 7 |a 21. století  |7 ch460559  |2 czenas  |9 52889 
650 0 7 |a redaktorky  |7 ph870670  |y 21. století  |z Česko  |2 czenas 
650 0 7 |a onkologické pacientky  |7 ph920010  |y 21. století  |z Česko  |2 czenas 
650 0 9 |a women contributing editors  |y 21st century  |z Czechia  |2 eczenas 
650 0 9 |a women oncologic patients  |y 21st century  |z Czechia  |2 eczenas 
655 7 |a české příběhy  |7 fd133973  |2 czenas  |9 54030 
655 7 |a autobiografické příběhy  |7 fd131891  |2 czenas  |9 53494 
655 9 |a Czech stories  |2 eczenas 
655 9 |a autobiographical stories  |2 eczenas 
710 2 |a Nastole (nakladatelství)  |7 xx0342137  |4 pbl  |9 117355 
830 0 |a Odrazit se 
910 |a UOG502 
942 |2 ddc  |c KN 
999 |d 106509 
993 |0 0  |1 421180107229  |2 ddc  |4 0  |7 0  |9 99953  |b 0  |c 107229  |d 2026-06-04  |e 0  |f DOSP  |h 399.00  |i Koupě  |l DOSP  |r 2026-06-04  |t 6  |w 2026-06-04  |y KN  |z BELET  |n